Statistiques concernant États du Brésil

Cliquez ici pour prendre le quiz!

Statistiques générales

  • Ce quiz a été pris 3 796 fois
  • Le résultat moyen est 12 sur 27

Réponses sur la Carte

Les réponses sont colorées sur une échelle allant du rouge au vert en fonction du pourcentage des utilisateurs qui les ont devinées à leur premier essai. Vous pouvez retrouver ces pourcentages ci-dessous.
 

Statistiques - réponses

État% Correct
Rio de Janeiro
93%
São Paulo
88%
District fédéral
82%
Amazonas
73%
Mato Grosso
56%
Bahia
50%
Pará
48%
Minas Gerais
45%
Rio Grande do Sul
45%
Acre
42%
Mato Grosso do Sul
42%
Paraná
41%
Rio Grande do Norte
41%
Santa Catarina
39%
Goiás
38%
Pernambouc
37%
Amapá
35%
Espírito Santo
35%
Tocantins
34%
Ceará
33%
Rondônia
32%
Piauí
31%
Roraima
31%
Sergipe
31%
Alagoas
30%
Maranhão
30%
Paraíba
30%

Distribution des résultats

Percentile par nombre de réponses

% des personnes avec chaque résultat

Votre développement - résultats

Vous n’avez pas pris ce quiz